|
|
|
|
| LEADER |
00988nam a22002777a 4500 |
| 001 |
35464 |
| 003 |
BD-DhAAL |
| 005 |
20211130145915.0 |
| 008 |
191020t1998 illa 001 0 eng d |
| 999 |
|
|
|c 41632
|d 41632
|
| 020 |
|
|
|a 0028252179
|
| 020 |
|
|
|a 9780028252179
|
| 040 |
|
|
|a BD-DhAAL
|
| 082 |
0 |
0 |
|a 510
|2 23
|
| 100 |
|
|
|a Dritsas, Linda
|9 36127
|
| 110 |
1 |
|
|a Glencoe
|9 29113
|
| 245 |
1 |
0 |
|a Mathematics :
|b applications and connections.
|n course 2 /
|c Linda Dritsas
|
| 260 |
|
|
|a Ohio :
|b Glencoe/McGraw-Hill,
|c 1998.
|
| 300 |
|
|
|a xx,657 pages :
|b illustrations ;
|c 28 cm.
|
| 500 |
|
|
|a Includes index.
|
| 526 |
|
|
|a BIED
|
| 541 |
1 |
|
|a Complimentary copy from BIED
|e 35464
|
| 650 |
|
0 |
|a Mathematics.
|9 29114
|
| 852 |
4 |
|
|a Ayesha Abed Library
|j BIED Collection
|
| 942 |
|
|
|2 ddc
|c BK
|
| 952 |
|
|
|0 0
|1 0
|2 ddc
|4 0
|6 510_000000000000000_DRI
|7 0
|9 66842
|a BRACUL
|b BRACUL
|c GEN
|d 2019-10-20
|e Complimentary copy from BIED
|l 0
|o 510 DRI
|p 3010035464
|r 2019-10-20
|t 1
|w 2019-10-20
|y BK
|x Transferred from BIED to General Stacks
|